[Event "Titled Tuesday intern op 23rd Apr Late"]
[Site "Chess.com INT"]
[Date "2024.04.23"]
[Round "9"]
[White "Lancman, Kyle"]
[Black "Tarnowska, Aleksandra"]
[Result "1-0"]
[WhiteElo "2075"]
[BlackElo "1876"]
[PlyCount "39"]
[EventDate "2024.04.23"]
[EventType "swiss (blitz)"]
[EventRounds "11"]
[EventCountry "USA"]
[SourceTitle "CB18_2024"]
[SourceDate "2024.05.01"]
[SourceVersion "1"]
[SourceVersionDate "2024.05.01"]
[SourceQuality "2"]

1. e4 c5 2. Nf3 e6 3. c3 d5 4. exd5 Qxd5 5. d4 Nf6 6. Na3 a6 7. Nc4 Nbd7 8. Be2 cxd4 9. Nxd4 Qxg2 10. Bf3 Qg6 11. Bf4 Ne4 12. Qe2 Ndf6 13. 0-0-0 h6 14. Ne5 Qh7 15. Rhe1 Nxc3 16. bxc3 Ba3+ 17. Kd2 0-0 18. Qd3 Qxd3+ 19. Nxd3 b5 20. Bxa8 1-0

[Event "Titled Tuesday intern op 16th Apr Early"]
[Site "Chess.com INT"]
[Date "2024.04.16"]
[Round "1"]
[White "Tarnowska, Aleksandra"]
[Black "Jaiveer, Mahendru"]
[Result "0-1"]
[WhiteElo "1876"]
[BlackElo "2244"]
[PlyCount "56"]
[EventDate "2024.04.16"]
[EventType "swiss (blitz)"]
[EventRounds "11"]
[EventCountry "USA"]
[SourceTitle "CB17_2024"]
[SourceDate "2024.04.24"]
[SourceVersion "1"]
[SourceVersionDate "2024.04.24"]
[SourceQuality "1"]

1. e4 e6 2. d4 d5 3. Nd2 Nc6 4. c3 dxe4 5. Nxe4 Nf6 6. Ng3 Be7 7. Nf3 b6 8. Bd3 Bb7 9. 0-0 0-0 10. Bc2 h6 11. h3 a5 12. Nh2 Kh8 13. Qd3 Qd5 14. Bb3 Qd7 15. Rd1 Ba6 16. Qf3 Bb7 17. Qd3 a4 18. Bc2 Ba6 19. Qf3 a3 20. Ng4 axb2 21. Bg5 bxa1Q 22. Rxa1 Qd5 23. Ne4 Nxg4 24. Bxe7 Nxe7 25. hxg4 f5 26. Ng3 Qxf3 27. gxf3 Bb7 28. g5 Ra3 0-1

[Event "Titled Tuesday intern op 12th Mar Late"]
[Site "Chess.com INT"]
[Date "2024.03.12"]
[Round "8"]
[White "Korol, Dimitry"]
[Black "Tarnowska, Aleksandra"]
[Result "1-0"]
[WhiteElo "2287"]
[BlackElo "1876"]
[PlyCount "137"]
[EventDate "2024.03.12"]
[EventType "swiss (blitz)"]
[EventRounds "11"]
[EventCountry "USA"]
[SourceTitle "CB12_2024"]
[SourceDate "2023.10.01"]
[SourceVersion "1"]
[SourceVersionDate "2023.10.01"]
[SourceQuality "1"]

1. d4 d5 2. c4 e6 3. Nc3 Nf6 4. Bg5 Be7 5. cxd5 exd5 6. e3 h6 7. Bh4 0-0 8. Bd3 b6 9. Qc2 Bb7 10. Nge2 Nbd7 11. 0-0 c5 12. Rad1 Rc8 13. f3 cxd4 14. Nxd4 Ne5 15. Bf5 Rc5 16. Rfe1 Nh5 17. Bf2 Bh4 18. Bh3 Qf6 19. Qf5 Qxf5 20. Nxf5 Bxf2+ 21. Kxf2 Ba6 22. Kg1 Nf6 23. Ne7+ Kh8 24. Nexd5 Nxd5 25. Rxd5 Nd3 26. Rxc5 bxc5 27. Re2 Rb8 28. b3 c4 29. bxc4 Bxc4 30. Rd2 g5 31. Bf5 Ne5 32. h3 Kg7 33. e4 h5 34. Rd6 Rb2 35. Nd5 Rd2 36. Rd8 Bxd5 37. exd5 Rxa2 38. d6 Rd2 39. d7 Kf6 40. g4 hxg4 41. fxg4 Ke7 42. Re8+ Kf6 43. d8Q+ Rxd8 44. Rxd8 Nf3+ 45. Kf2 Ne5 46. Rd6+ Ke7 47. Ra6 Nc4 48. Rxa7+ Kf6 49. Ra6+ Ke5 50. Ra7 f6 51. Kg3 Ne3 52. Re7+ Kd4 53. Re4+ Kd3 54. Re6+ Kd2 55. Rxf6 Nf1+ 56. Kf2 Ne3 57. Rg6 Nd1+ 58. Kg3 Ne3 59. Rxg5 Nf1+ 60. Kh4 Ke3 61. Rg7 Nh2 62. Kg5 Kf3 63. h4 Kg3 64. h5 Nf3+ 65. Kg6 Kf4 66. h6 Nh4+ 67. Kf7 Ke5 68. h7 Nf3 69. h8Q 1-0

[Event "Titled Tuesday intern op 12th Mar Early"]
[Site "Chess.com INT"]
[Date "2024.03.12"]
[Round "6"]
[White "Tarnowska, Aleksandra"]
[Black "Kopczynski, Michal"]
[Result "0-1"]
[WhiteElo "1876"]
[BlackElo "2225"]
[PlyCount "118"]
[EventDate "2024.03.12"]
[EventType "swiss (blitz)"]
[EventRounds "11"]
[EventCountry "USA"]
[SourceTitle "CB12_2024"]
[SourceDate "2023.10.01"]
[SourceVersion "1"]
[SourceVersionDate "2023.10.01"]
[SourceQuality "1"]

1. e4 b6 2. d4 Bb7 3. Bd3 e6 4. Ne2 Nf6 5. Ng3 d5 6. e5 Nfd7 7. 0-0 c5 8. c3 Nc6 9. Be3 Qc7 10. Nd2 0-0-0 11. Rc1 c4 12. Bb1 f5 13. b3 Na5 14. bxc4 dxc4 15. Bc2 h6 16. f3 g5 17. Bf2 h5 18. Ba4 h4 19. Ne2 h3 20. g3 g4 21. Be1 a6 22. Nf4 Rh6 23. Bxd7+ Rxd7 24. Rb1 Qc6 25. Qe2 Rh8 26. Rb2 Bh6 27. Nb1 Bxf4 28. gxf4 g3 29. Bxg3 Rg7 30. Nd2 Rhg8 31. Qf2 b5 32. d5 Qxd5 33. Qa7 Nc6 34. Qb6 Qd8 35. Qxd8+ Rxd8 36. a4 b4 37. Rc2 b3 38. Rb2 Na5 39. Rd1 Rd3 40. Kf2 Rgd7 41. Ke2 Bxf3+ 42. Nxf3 Rxd1 43. Nd4 R1xd4 44. cxd4 Rxd4 45. Ke3 Rd3+ 46. Ke2 c3 47. Rxb3 Rd2+ 48. Ke3 Nxb3 49. Be1 Rxh2 50. Bxc3 Rg2 51. Kd3 Rg3+ 52. Kc4 Rxc3+ 53. Kb4 h2 54. a5 h1Q 55. Ka4 Qc6+ 56. Kb4 Qc5+ 57. Ka4 Rc4+ 58. Kxb3 Qb5+ 59. Ka3 Ra4# 0-1

[Event "Titled Tuesday intern op 12th Mar Late"]
[Site "Chess.com INT"]
[Date "2024.03.12"]
[Round "3"]
[White "Tarnowska, Aleksandra"]
[Black "Weisz, Bryan"]
[Result "1-0"]
[WhiteElo "1876"]
[BlackElo "1997"]
[PlyCount "143"]
[EventDate "2024.03.12"]
[EventType "swiss (blitz)"]
[EventRounds "11"]
[EventCountry "USA"]
[SourceTitle "CB12_2024"]
[SourceDate "2023.10.01"]
[SourceVersion "1"]
[SourceVersionDate "2023.10.01"]
[SourceQuality "1"]

1. e4 Nf6 2. e5 Ne4 3. d3 Nc5 4. d4 Ne6 5. d5 Nc5 6. Be3 e6 7. Bc4 b5 8. dxe6 fxe6 9. Bxb5 Bb7 10. Nf3 Nc6 11. 0-0 d5 12. exd6 Bxd6 13. Bxc5 Bxc5 14. Qxd8+ Rxd8 15. Nc3 0-0 16. Ne4 Bb6 17. Bc4 Nb4 18. Bxe6+ Kh8 19. Neg5 Bxf3 20. gxf3 Nxc2 21. Rac1 Nd4 22. Nf7+ Rxf7 23. Bxf7 Ne2+ 24. Kg2 Nxc1 25. Rxc1 Rd2 26. Re1 g6 27. Re7 Kg7 28. Bc4+ Kf6 29. Rf7+ Ke5 30. Kg3 Bxf2+ 31. Kg4 Rd4+ 32. f4+ Kd6 33. Bb3 Rd2 34. Rf6+ Kc5 35. Rf7 Kb6 36. Rf6+ Kb5 37. Rf7 Bb6 38. Rxh7 Rxb2 39. Kg5 Rg2+ 40. Kf6 Bd4+ 41. Kf7 Rf2 42. Ke6 Rxf4 43. Rxc7 Rh4 44. Rb7+ Kc5 45. Rc7+ Kb4 46. Rb7+ Kc3 47. Kd5 Rh5+ 48. Ke4 Re5+ 49. Kf3 Re3+ 50. Kf4 Rh3 51. Rc7+ Kd2 52. Ke4 Bc3 53. Rd7+ Kc1 54. Rc7 Kb2 55. Rb7 Rh4+ 56. Kd3 Rh3+ 57. Ke4 Kc1 58. Rc7 Kd2 59. Rd7+ Ke2 60. Rc7 Rh4+ 61. Kd5 Bb4 62. Rc2+ Kd3 63. Rg2 Rh5+ 64. Kc6 g5 65. Rg3+ Ke4 66. Rg4+ Kf5 67. Rxb4 Rxh2 68. Rb5+ Kf4 69. Kb7 g4 70. Rb4+ Kg3 71. Kxa7 Rh4 72. Be6 1-0

[Event "Titled Tuesday intern op 06th Feb Early"]
[Site "Chess.com INT"]
[Date "2024.02.06"]
[Round "10"]
[White "Mikhaylova, Irina"]
[Black "Tarnowska, Aleksandra"]
[Result "0-1"]
[WhiteElo "2169"]
[BlackElo "1793"]
[PlyCount "116"]
[EventDate "2024.02.06"]
[EventType "swiss (blitz)"]
[EventRounds "11"]
[EventCountry "USA"]
[SourceTitle "CB07_2024"]
[SourceDate "2024.02.14"]
[SourceVersion "1"]
[SourceVersionDate "2024.02.14"]
[SourceQuality "1"]

1. d4 d5 2. Nf3 Nf6 3. c4 e6 4. Nc3 Be7 5. Bg5 0-0 6. e3 h6 7. Bh4 b6 8. Qc2 Bb7 9. Rd1 dxc4 10. Bxc4 Nbd7 11. a3 c6 12. Ba2 Rc8 13. Ne5 Nd5 14. Bb1 f5 15. Bxe7 Nxe7 16. Nxd7 Qxd7 17. 0-0 Rf6 18. Ba2 Nd5 19. Rc1 Kh8 20. Ne2 Rcf8 21. Bxd5 exd5 22. Nf4 Qe8 23. Nd3 Ba6 24. Rfe1 Bxd3 25. Qxd3 Qd7 26. Rc3 f4 27. e4 Qg4 28. f3 Qh4 29. Qd2 Rg6 30. Qf2 Qf6 31. Rd3 dxe4 32. Rxe4 Qf5 33. Qd2 Qg5 34. d5 cxd5 35. Rxd5 Qh4 36. Qf2 Qf6 37. Qd4 Qh4 38. Qf2 Qf6 39. Red4 Kh7 40. Qd2 Qh4 41. Qf2 Qf6 42. Rd1 Re8 43. Qd4 Qh4 44. Qf2 Qf6 45. R5d2 Re3 46. Re2 Rxe2 47. Qxe2 Qg5 48. Re1 Qc5+ 49. Qf2 Qg5 50. Re4 Rc6 51. Re1 Qd5 52. Re2 Qb3 53. h3 Rc1+ 54. Kh2 Qd1 55. Re1 Qxe1 56. Qxe1 Rxe1 57. h4 Re2 58. Kh3 Rxb2 0-1

[Event "Titled Tuesday intern op 06th Feb Early"]
[Site "Chess.com INT"]
[Date "2024.02.06"]
[Round "5"]
[White "Tarnowska, Aleksandra"]
[Black "Leto, Enzo"]
[Result "0-1"]
[WhiteElo "1793"]
[BlackElo "2124"]
[PlyCount "136"]
[EventDate "2024.02.06"]
[EventType "swiss (blitz)"]
[EventRounds "11"]
[EventCountry "USA"]
[SourceTitle "CB07_2024"]
[SourceDate "2024.02.14"]
[SourceVersion "1"]
[SourceVersionDate "2024.02.14"]
[SourceQuality "1"]

1. e4 d6 2. d4 Nf6 3. Nd2 e5 4. c3 Nc6 5. d5 Nb8 6. h3 a5 7. Bd3 Na6 8. Ne2 g6 9. 0-0 Bg7 10. Ng3 0-0 11. Nf3 Nc5 12. Bc2 a4 13. Be3 Nfd7 14. Qd2 h5 15. Bh6 b5 16. Rfe1 Nb6 17. b3 Re8 18. Rab1 axb3 19. axb3 Ra2 20. Bxg7 Kxg7 21. Qc1 Bd7 22. Ra1 Qa8 23. Rxa2 Qxa2 24. Qb1 Qxb1 25. Rxb1 Ra8 26. Rb2 c6 27. dxc6 Bxc6 28. Nd2 Ra1+ 29. Kh2 Ne6 30. Ne2 d5 31. g3 d4 32. c4 b4 33. f4 f6 34. g4 hxg4 35. hxg4 Nc5 36. f5 d3 37. Bxd3 Nxd3 38. Rc2 g5 39. Ng3 Nf4 40. Nf3 Nd7 41. Rd2 Kf7 42. Ne2 Nxe2 43. Rxe2 Nc5 44. Nd2 Ra2 45. Kg3 Nxe4+ 46. Nxe4 Rxe2 47. Nc5 Rc2 48. Ne6 Rc3+ 49. Kf2 Be8 50. Nc5 Bc6 51. Ne6 Bf3 52. Nd8+ Ke7 53. Ne6 Bxg4 54. Nc5 Bxf5 55. Ke2 g4 56. Kf2 g3+ 57. Kg2 Bd7 58. Na6 Bc6+ 59. Kh3 Rxb3 60. Nc7 g2+ 61. Kh2 Rb2 62. Nd5+ Bxd5 63. cxd5 Kd6 64. Kg1 Kxd5 65. Kh2 Rc2 66. Kg1 b3 67. Kh2 g1Q+ 68. Kh3 Rh2# 0-1

[Event "Titled Tuesday intern op 06th Feb Early"]
[Site "Chess.com INT"]
[Date "2024.02.06"]
[Round "7"]
[White "Tarnowska, Aleksandra"]
[Black "Yedidia, Jonathan"]
[Result "1-0"]
[WhiteElo "1793"]
[BlackElo "2361"]
[PlyCount "95"]
[EventDate "2024.02.06"]
[EventType "swiss (blitz)"]
[EventRounds "11"]
[EventCountry "USA"]
[SourceTitle "CB07_2024"]
[SourceDate "2024.02.14"]
[SourceVersion "1"]
[SourceVersionDate "2024.02.14"]
[SourceQuality "1"]

1. e4 e5 2. Nf3 Nc6 3. Bb5 a6 4. Ba4 Nf6 5. 0-0 d6 6. h3 b5 7. Bb3 Na5 8. d3 Be7 9. c3 Nxb3 10. Qxb3 0-0 11. Be3 Re8 12. Nbd2 c5 13. a4 Rb8 14. axb5 axb5 15. Qc2 Bf8 16. Ra7 d5 17. Bg5 Qb6 18. Rfa1 dxe4 19. Nxe4 Nxe4 20. dxe4 h6 21. Be3 Qc6 22. Nh4 Bb7 23. f3 g6 24. g4 Rbd8 25. g5 h5 26. Ng2 Bc8 27. Kh2 Qe6 28. h4 Qh3+ 29. Kg1 Be6 30. Qf2 Bc4 31. Ne1 b4 32. Rc7 Bd6 33. Rc6 Bb5 34. Rxd6 Rxd6 35. Bxc5 Rd7 36. cxb4 Red8 37. Be3 Qe6 38. Kh2 Qb3 39. Ng2 Qxb4 40. Re1 Qb3 41. f4 Rd1 42. fxe5 Rxe1 43. Nxe1 Bc6 44. Qf4 Qd1 45. Ng2 Qe2 46. e6 fxe6 47. Bc5 Bxe4 48. Qf6 1-0

[Event "Titled Tuesday intern op 16th Jan Late"]
[Site "Chess.com INT"]
[Date "2024.01.16"]
[Round "11"]
[White "Reinecke, Katharina"]
[Black "Tarnowska, Aleksandra"]
[Result "0-1"]
[WhiteElo "1884"]
[BlackElo "1793"]
[PlyCount "86"]
[EventDate "2024.01.16"]
[EventType "swiss (blitz)"]
[EventRounds "11"]
[EventCountry "USA"]
[SourceTitle "CB04_2024"]
[SourceDate "2023.10.16"]
[SourceVersion "1"]
[SourceVersionDate "2023.10.16"]
[SourceQuality "1"]

1. d4 d5 2. c4 e6 3. Nf3 Nf6 4. g3 Bb4+ 5. Bd2 Be7 6. Bg2 0-0 7. 0-0 c5 8. cxd5 Nxd5 9. e4 Nf6 10. e5 Nd5 11. Nc3 Nc6 12. dxc5 Bxc5 13. a3 a6 14. Rc1 Ba7 15. Ne4 Nd4 16. Nd6 Rb8 17. Bg5 Qb6 18. Nxd4 Qxd4 19. Qxd4 Bxd4 20. Bxd5 exd5 21. Be7 Bh3 22. Rfe1 Bxb2 23. Rb1 Bc3 24. Re3 d4 25. Re4 Rfe8 26. Nxe8 Rxe8 27. Bc5 Bf5 28. Ree1 Bxb1 29. Rxb1 Rxe5 30. Bd6 Rb5 31. Rxb5 axb5 32. Kf1 f6 33. Ke2 Kf7 34. Kd3 Ke6 35. Bc5 Kd5 36. Bf8 g6 37. Bg7 f5 38. h4 Bb2 39. Bf8 Bc3 40. Be7 Be1 41. Bf6 Bxf2 42. g4 fxg4 43. Bg5 g3 0-1

[Event "Titled Tuesday intern op 09th Jan Early"]
[Site "Chess.com INT"]
[Date "2024.01.09"]
[Round "3"]
[White "Filipovic, Slobodan J"]
[Black "Tarnowska, Aleksandra"]
[Result "1-0"]
[WhiteElo "2191"]
[BlackElo "1793"]
[PlyCount "69"]
[EventDate "2024.01.09"]
[EventType "swiss (blitz)"]
[EventRounds "11"]
[EventCountry "USA"]
[SourceTitle "CB03_2024"]
[SourceDate "2024.01.17"]
[SourceVersion "1"]
[SourceVersionDate "2024.01.17"]
[SourceQuality "1"]

1. c4 e5 2. Nc3 Nf6 3. Nf3 d6 4. d4 e4 5. Ng5 Bf5 6. e3 h6 7. Nh3 Be7 8. Qb3 Qc8 9. Nf4 0-0 10. h3 Nc6 11. g4 Bd7 12. Qc2 Nb4 13. Qb1 d5 14. cxd5 c6 15. a3 Na6 16. d6 Bxd6 17. Nxe4 Bxf4 18. Nxf6+ gxf6 19. exf4 c5 20. d5 c4 21. Be3 c3 22. Bg2 c2 23. Qc1 Bb5 24. Bf1 Bxf1 25. Kxf1 Qc4+ 26. Kg2 Qxd5+ 27. Kg3 Rac8 28. b4 Nc7 29. Ra2 Ne6 30. Rxc2 Nd4 31. Rxc8 Qf3+ 32. Kh2 Rxc8 33. Qxc8+ Kg7 34. Qc4 Ne2 35. Re1 1-0

[Event "Titled Tuesday intern op 09th Jan Early"]
[Site "Chess.com INT"]
[Date "2024.01.09"]
[Round "7"]
[White "Sava, Ana Maria"]
[Black "Tarnowska, Aleksandra"]
[Result "1-0"]
[WhiteElo "1916"]
[BlackElo "1793"]
[PlyCount "145"]
[EventDate "2024.01.09"]
[EventType "swiss (blitz)"]
[EventRounds "11"]
[EventCountry "USA"]
[SourceTitle "CB03_2024"]
[SourceDate "2024.01.17"]
[SourceVersion "1"]
[SourceVersionDate "2024.01.17"]
[SourceQuality "1"]

1. e4 c5 2. d4 cxd4 3. Qd3 Nc6 4. Nf3 d5 5. exd5 Qxd5 6. Bf4 e5 7. Bg3 e4 8. Qe2 Bb4+ 9. c3 d3 10. Qe3 Bc5 11. Nd4 Bxd4 12. cxd4 Nxd4 13. Bxd3 Nf6 14. Nc3 Qe6 15. Nxe4 Nxe4 16. Bxe4 Nc6 17. Bxc6+ bxc6 18. Qxe6+ Bxe6 19. 0-0 0-0 20. b3 Rad8 21. Rac1 Bd5 22. Bh4 Rde8 23. Rfd1 Re2 24. a4 Bxb3 25. Rd7 Bxa4 26. Rxa7 Bb5 27. Rc7 Rfe8 28. h3 h6 29. Bg3 g5 30. Ra1 Re1+ 31. Rxe1 Rxe1+ 32. Kh2 Re8 33. Bd6 Kg7 34. Kg3 Kg6 35. h4 gxh4+ 36. Kxh4 h5 37. Kg3 Re6 38. Bc5 Re5 39. Bd4 Rg5+ 40. Kf3 Rd5 41. Be3 Ba4 42. Ke4 Bc2+ 43. Kf4 Ba4 44. Ra7 Bb5 45. Ra8 Rf5+ 46. Kg3 Kf6 47. Bd4+ Ke6 48. f3 Kd5 49. Be3 c5 50. Rc8 Kc4 51. Kf2 Kb4 52. Ke1 Rd5 53. Rc7 c4 54. Rxf7 c3 55. Rf4+ Kb3 56. Rf6 c2 57. Rf8 Rd1+ 58. Kf2 c1Q 59. Bxc1 Rxc1 60. Rf5 Be8 61. Re5 Rc8 62. g4 hxg4 63. fxg4 Bg6 64. Kf3 Kc3 65. Kf4 Kd4 66. Re6 Rg8 67. Rf6 Be8 68. g5 Kd5 69. Rf5+ Ke6 70. Re5+ Kf7 71. Ra5 Kg6 72. Ra6+ Kh5 73. Rh6# 1-0

[Event "Titled Tuesday intern op 09th Jan Early"]
[Site "Chess.com INT"]
[Date "2024.01.09"]
[Round "10"]
[White "Vargas, Mauricio"]
[Black "Tarnowska, Aleksandra"]
[Result "0-1"]
[WhiteElo "1958"]
[BlackElo "1793"]
[PlyCount "88"]
[EventDate "2024.01.09"]
[EventType "swiss (blitz)"]
[EventRounds "11"]
[EventCountry "USA"]
[SourceTitle "CB03_2024"]
[SourceDate "2024.01.17"]
[SourceVersion "1"]
[SourceVersionDate "2024.01.17"]
[SourceQuality "1"]

1. e4 c5 2. Nc3 e6 3. f4 a6 4. Nf3 b5 5. d3 b4 6. Ne2 Bb7 7. g4 d5 8. e5 d4 9. Bg2 Ne7 10. 0-0 h5 11. g5 Nf5 12. Ng3 Nxg3 13. hxg3 Qc7 14. Qe1 Be7 15. Bd2 Nd7 16. Rc1 Nb6 17. c3 bxc3 18. bxc3 Qd7 19. cxd4 cxd4 20. Rb1 Nd5 21. Kh2 Rc8 22. Nxd4 Bc5 23. Nb3 Ba7 24. Rc1 Rxc1 25. Qxc1 h4 26. gxh4 Rxh4+ 27. Kg3 Rh8 28. Nc5 Bxc5 29. Qxc5 Qe7 30. Qxe7+ Kxe7 31. Rc1 Kd7 32. Ba5 Bc6 33. a3 Rb8 34. Be4 Rb3 35. Bxd5 Rxd3+ 36. Kg4 exd5 37. Bb4 d4 38. Rc2 Rd1 39. Rd2 Rg1+ 40. Kh3 Rh1+ 41. Kg3 Ke6 42. Rxd4 Kf5 43. Kf2 Rh2+ 44. Ke3 Bb5 0-1